000 00691nam a2200217Ia 4500
003 GCL
008 140319s9999 xx 000 0 ara d
020 _a6109909977
040 _aGCL /
_cGCL
082 0 4 _aط
_b813.01
_bع ث
100 1 _aعبدالوهاب المسيرى
245 1 0 _aثلاث حكايات وثلاث نهايات من هذا الزمان /
_cعبدالوهاب المسيرى
700 1 _aصفاء نبعة
250 _aالاولى
260 _aالقاهرة :
_bدار الشروق ،
_c2004
300 _a27 ص ؛
_c21 سم
650 0 4 _aالقصص القصيرة
650 0 4 _aقصص الاطفال
650 0 4 _aادب الاطفال
942 _2ddc
_cBK
999 _c9588
_d9588